Loading...
| Social Science | 0 | 3 | 0 | 0 | 30 | 54 | 66.67 | 0 | 0 | 0.00 | 0.00 |
| Science - Biology | 0 | 4 | 2 | 1 | 30 | 43 | 85.75 | 0 | 1 | 0.00 | 0.00 |
| Fine Arts - Classical Music | 0 | 3 | 1 | 0 | 25 | 102 | 105.00 | 0 | 0 | 0.00 | 0.00 |
| Religion | 0 | 2 | 0 | 0 | 20 | 95 | 96.50 | 1 | 2 | 0.00 | 0.00 |
| Philosophy | 0 | 2 | 0 | 0 | 20 | 78 | 90.00 | 0 | 0 | 0.00 | 0.00 |
| Science - Chemistry | 0 | 3 | 2 | 1 | 20 | 70 | 87.33 | 0 | 1 | 0.00 | 0.00 |
| Science - Physics | 0 | 2 | 0 | 1 | 20 | 126 | 128.00 | 0 | 0 | 0.00 | 0.00 |
| Geography | 0 | 1 | 0 | 0 | 10 | 111 | 111.00 | 0 | 0 | 0.00 | 0.00 |
| Science - Other | 0 | 1 | 0 | 0 | 10 | 93 | 93.00 | 0 | 0 | 0.00 | 0.00 |